Ils ont marqué 2 buts ou plus à la coupe du monde 2010 - Statistiques

Statistiques générales
  • Ce quiz a été pris 33 fois
  • Le résultat moyen est 13 sur 25
Statistiques - réponses
But(s) Pays Réponse % Correct
4 Allemagne Miroslav Klose
91%
5 Allemagne Thomas Müller
88%
5 Espagne David Villa
84%
5 Uruguay Diego Forlan
84%
2 Pays-Bas Arjen Robben
78%
3 Uruguay Luis Suarez
78%
2 Espagne Andres Iniesta
69%
5 Pays-Bas Wesley Sneijder
69%
2 Cameroun Samuel Eto'o
66%
2 Mexique Javier Hernandez
59%
2 Japon Keisuke Honda
59%
2 Brésil Robinho
59%
4 Argentine Gonzalo Higuain
56%
3 Ghana Asamoah Gyan
53%
3 États-Unis Landon Donovan
47%
2 Argentine Carlos Tevez
44%
3 Allemagne Lukas Podolski
38%
4 Brésil Luis Fabiano
31%
2 Corée du Sud Chung-yong Lee
25%
2 Corée du Sud Jung-soo Lee
25%
4 Slovaquie Robert Vittek
16%
2 Brésil Blumer Elano
13%
2 Portugal Tiago
13%
2 Nigeria Kalu Uche
6%
2 Australie Brett Holman
3%
Aucun quiz correspondant
Distribution des résultats
% des personnes avec chaque résultat
Percentile par nombre de réponses
Votre historique - résultats
Vous n’avez pas pris ce quiz